Top 12 Denver Nuggets Players - Statistics

General Stats
  • This quiz has been taken 391 times
    98 since last reset
  • The average score is 6 of 12
Answer Stats
Rank Player Win Share % Correct
1 Nikola Jokić 142.9
100%
9 Jamal Murray 47.6
94%
6 Carmelo Anthony 53.5
91%
3 Alex English 84.2
79%
11 Dikembe Mutombo 39.3
48%
8 Fat Lever 47.9
48%
4 David Thompson 56.8
46%
2 Dan Issel 94.8
35%
12 Ty Lawson 38.0
18%
7 Nenê Hilario 51.1
17%
10 Bobby Jones 40.3
11%
5 Byron Beck 55.0
7%
No matching quizzes found
Score Distribution
Percent of People with Each Score
Percentile by Number Answered
Your Score History
You have not taken this quiz since the last reset